Návrh automatizovaného výrobného systému pre výrobu rotačných súčiastok v n. p. ZŤS Bratislava : Diplomová práca

Salvato in:
Dettagli Bibliografici
Autore principale: Weizerová, Mária (Autore)
Altri autori: Dobrovodský, Dušan (xxx)
Natura: Manoscritto Libro
Lingua:slovacco
Pubblicazione: Trnava : SVŠT v Bratislave StF KASRVP, 1987
Soggetti:
Tags: Aggiungi Tag
Nessun Tag, puoi essere il primo ad aggiungerne!!

MARC

LEADER 00000ntm a22000003a 4500
001 stu75154
005 20160719162706.8
008 020320s1987----cs------------------slo-d
040 |a STU  |b slo 
041 0 |a slo 
044 |a cs 
100 1 |a Weizerová, Mária  |4 aut 
245 1 |a Návrh automatizovaného výrobného systému pre výrobu rotačných súčiastok v n. p. ZŤS Bratislava :  |b Diplomová práca 
260 |a Trnava :  |b SVŠT v Bratislave StF KASRVP,  |c 1987 
300 |a 72 s  |c abstr. + príl. 
650 7 |a Súčiastky rotačné-výroba  |2 stusub 
650 7 |a systémy výrobné-automatizácia  |2 stusub 
700 1 |a Dobrovodský, Dušan  |4 xxx 
996 |b 284M041965  |c M*DP-1565  |l MMSKP  |s P  |a 0  |w stu75154_0001